000 01426cad a22002415a 4500
001 L138659
008 070629s2007 xxk f 000 0 eng d
035 _a(Sirsi) u138659
041 0 _aeng
050 0 4 _a333.73 $2 18
110 2 _aEnglish Partnerships
_91764
245 0 0 _aNational brownfield strategy
_brecommendations to government
_h[electronic resource]
260 _aLondon
_bEnglish Partnerships
_c2007
520 _aDetails policy recommendations aimed at redeveloping thousands of hectares of blighted land for beneficial community use. The recommendations were submitted in May 2007 and a government decision regarding their adoption as policy is expected in Autumn 2007. Contains recommendations for identifying and assessing brownfield sites; safeguarding the environment and ensuring regulatory control; enhancing communities through the removal of blight; and ensuring that the appropriate skills are available through accreditation systems. Includes advice for the implementation of these recommendations.
590 _aKA
650 2 4 _aPLANNING POLICY STATEMENT 25
650 2 4 _aPLANNING POLICY STATEMENT NINE
650 2 4 _aPLANNING POLICY STATEMENT 23
651 4 _aEngland and Wales
_y1543-
690 _aPROPERTY-PROPERTY MANAGEMENT-REGENERATION
856 4 0 _uhttps://www.englishpartnerships.co.uk/epaddresses.htm
_zView the item free of charge at www.englishpartnerships.co.uk...
942 _n0
999 _c107217
_d107217